000 00843nam a2200217Ii 4500
003 JO-AjNU
008 230605s9999||||xx |||||||||||||| ||und||
017 _a2009/10/4273
040 _aJO-AjNU
_bara
_erda
_cJO-AjNU
041 _aara
050 1 4 _aHF5686.I56.A47 2010
100 3 _aالعامري، سعود جايد,
_eauthor
_928271
245 0 0 _aالمحاسبة الدولية = International Accounting: منهج علمي للمشاكل المحاسبية وحلولها
250 _aط1
264 3 1 _aعمان: دار المناهج للنشر والتوزيع، 2010
300 _a543ص
_bيحتوي على ملاحق و ببلوغرافية من ص 521-543ص
336 _atext
_btxt
_2rdacontent
337 _aunmediated
_bn
_2rdamedia
338 _avolume
_bnc
_2rdacarrier
650 4 _aالمحاسبة الدولية
_928272
999 _aA10944
_c14512
_d14512